• 首页
  • 本馆介绍
  • 公告通知
  • 最新文献
  • 馆藏检索
  • 电子资源
  • 读者导购
  • 参考咨询
  • 我的图书馆
  • 登录
  • 详细信息显示
  • 放入我的书架
  • 预约/预借图书
  • 作者相关作品
  • 分类相关作品
  • 丛书相关作品
  • 出版社相关作品

书目信息

  • 表格格式
  • 工作单格式
  • 卡片格式
题名:
菊花起源
    
 
作者: 陈俊愉, 主编 ;赵惠恩 , 王彩云 编著
分册:  
出版信息: 合肥   安徽科学技术出版社  2012.9
页数: 16, 358页
开本: 30cm
丛书名:
单 册:
中图分类: S682.1
科图分类:
主题词: 菊花--中国--汉语--英语
电子资源:
ISBN: 978-7-5337-5691-8
000 01481nam0 2200301 45
001 1355403577
005 20130513150241.04
010    @a978-7-5337-5691-8@b精装@dCNY98.00
100    @a20130108d2012 em y0chiy0121 ea
101 0  @achi@aeng
102    @aCN@b340000
105    @aack a 000yy
106    @ar
200 1  @a菊花起源@AJu Hua Qi Yuan@dThe origin of garden chrysanthemum@f陈俊愉主编@FChen Jun Yu Zhu Bian@g陈俊愉 ... [等] 编著@zeng
210    @a合肥@c安徽科学技术出版社@d2012.9
215    @a16, 358页@c图 (部分彩图), 肖像@d30cm
300    @a国家出版基金项目 国家“十二五”重点图书出版规划项目
304    @a题名页题: 陈俊愉, 王彩云, 赵惠恩, 周杰编著
320    @a有书目
330    @a菊花, 多年生菊科草本植物 , 其花瓣呈舌状或筒状。菊花是经长期人工选择培育的名贵观赏花卉, 也称艺菊, 品种达三千余种。菊花是中国十大名花之一, 在中国有三千多年的栽培历史, 中国菊花传入欧洲, 约在明末清初。中国人极爱菊花, 从宋朝起民间就有一年一度的菊花盛会。古神话传说中菊花又被赋予了吉祥、长寿的含义。中国历代诗人画家, 以菊花为题材吟诗作画众多, 因而历代歌颂菊花的大量文学艺术作品和艺菊经验, 给人们留下了许多名谱佳作, 并将流传久远。本书是关于研究菊花起源的专著。
510 1  @aOrigin of garden chrysanthemum@zeng
606 0  @a菊花@y中国@x汉语@x英语
690    @aS682.1@v5
701  0 @a陈俊愉,@AChen Jun Yu ,@f1917-2012@4主编
702  0 @a赵惠恩@AZhao Hui En@4编著
702  0 @a王彩云@AWang Cai Yun@4编著
801    @aCN@bTANGWEI@c20130111
905    @b0831034-36@dS682.1@e251@f3
    
    菊花起源=The origin of garden chrysanthemum/陈俊愉主编/陈俊愉 ... [等] 编著.-合肥:安徽科学技术出版社,2012.9
    16, 358页:图 (部分彩图), 肖像;30cm
    国家出版基金项目 国家“十二五”重点图书出版规划项目
    
    ISBN 978-7-5337-5691-8(精装):CNY98.00
    菊花, 多年生菊科草本植物 , 其花瓣呈舌状或筒状。菊花是经长期人工选择培育的名贵观赏花卉, 也称艺菊, 品种达三千余种。菊花是中国十大名花之一, 在中国有三千多年的栽培历史, 中国菊花传入欧洲, 约在明末清初。中国人极爱菊花, 从宋朝起民间就有一年一度的菊花盛会。古神话传说中菊花又被赋予了吉祥、长寿的含义。中国历代诗人画家, 以菊花为题材吟诗作画众多, 因而历代歌颂菊花的大量文学艺术作品和艺菊经验, 给人们留下了许多名谱佳作, 并将流传久远。本书是关于研究菊花起源的专著。
●
相关链接 在E读中查询图书 在五车中查询图书 在当当中查询图书 在豆瓣中查询图书


正题名:菊花起源     索取号:S682.1/251         预约/预借

序号 登录号 条形码 馆藏地/架位号 状态 备注
1 0831034   208310344   第二样本阅览室/ [索取号:S682.1/251] 在馆    
2 0831035   208310353   第三借阅区/ [索取号:S682.1/251] 在馆    
3 0831036   208310362   第三借阅区/ [索取号:S682.1/251] 在馆    
唐山师范学院图书馆 欢迎您!
大连网信软件有限公司© 版权所有